[Event "26th Abu Dhabi Master 2019"]
[Site "Abu Dhabi"]
[Date "2019.08.07"]
[Round "6.12"]
[White "Zubov, Alexander"]
[Black "Idani, Pouya"]
[Result "1-0"]
[WhiteElo "2601"]
[BlackElo "2595"]
[Annotator "ChessBase"]
[PlyCount "99"]
[EventDate "2019.08.02"]
[EventType "swiss"]
[EventCountry "UAE"]
[SourceTitle "playchess.com"]
[Source "ChessBase"]
[SourceQuality "1"]
[TimeControl "5400+30"]

1. e4 {[%emt 0:00:00]} c5 {[%emt 0:00:00]} 2. Nf3 {[%emt 0:00:00]} d6 {[%emt 0:00:08]} 3. d4 {[%emt 0:00:04]} cxd4 {[%emt 0:00:07]} 4. Qxd4 {[%emt 0:00:08]} Nf6 {[%emt 0:00:12]} 5. h3 {[%emt 0:06:03]} Nc6 {[%emt 0:02:14]} 6. Qe3 {[%emt 0:00:18]} g6 {[%emt 0:00:05]} 7. Nc3 {[%emt 0:02:22]} Bg7 {[%emt 0:00:24]} 8. Bc4 {[%emt 0:04:04]} O-O {[%emt 0:02:17]} 9. O-O {[%emt 0:00:07]} Na5 {[%emt 0:09:52]} 10. Be2 {[%emt 0:09:32]} Qc7 {[%emt 0:02:14]} 11. Rd1 {[%emt 0:01:39]} Nc4 {[%emt 0:06:15]} 12. Qd3 {[%emt 0:05:45]} Be6 {[%emt 0:02:08]} 13. b3 {[%emt 0:21:32]} Na5 {[%emt 0:07:53]} 14. Bd2 {[%emt 0:02:45]} a6 {[%emt 0:04:08]} 15. Rac1 {[%emt 0:04:45]} Nc6 {[%emt 0:10:43]} 16. Nd5 {[%emt 0:00:21]} Qd8 {[%emt 0:00:05]} 17. c4 {[%emt 0:00:28]} Nd7 {[%emt 0:01:14]} 18. Bg5 {[%emt 0:01:53]} h6 {[%emt 0:03:08]} 19. Be3 {[%emt 0:03:46]} Qa5 {[%emt 0:01:34]} 20. Qb1 {[%emt 0:01:44]} Rfc8 {[%emt 0:01:33]} 21. Rd2 {[%emt 0:05:18]} Qd8 {[%emt 0:00:31]} 22. b4 {[%emt 0:07:56]} a5 {[%emt 0:01:25]} 23. b5 {[%emt 0:00:30]} Bxd5 {[%emt 0:04:35]} 24. Rxd5 {[%emt 0:00:08]} Ncb8 {[%emt 0:07:39]} 25. c5 {[%emt 0:01:56]} dxc5 {[%emt 0:00:08]} 26. Rcxc5 {[%emt 0:04:03]} Rxc5 {[%emt 0:04:35]} 27. Bxc5 {[%emt 0:00:03]} Qe8 {[%emt 0:00:09]} 28. Be3 {[%emt 0:07:22]} Nf8 {[%emt 0:03:24]} 29. Bf4 {[%emt 0:04:35]} Ne6 {[%emt 0:06:24]} 30. Qd1 {[%emt 0:01:01]} Nc6 {[%emt 0:01:32]} 31. Be3 {[%emt 0:01:10]} Ncd8 {[%emt 0:06:14]} 32. Bb6 {[%emt 0:01:16]} Nf4 {[%emt 0:00:06]} 33. Rd2 {[%emt 0:00:53]} Nxe2+ {[%emt 0:00:48]} 34. Rxe2 {[%emt 0:01:08]} Ne6 {[%emt 0:00:12]} 35. a4 {[%emt 0:00:06]} Bc3 {[%emt 0:02:51]} 36. Qc1 {[%emt 0:01:08]} Bb4 {[%emt 0:01:48]} 37. Qxh6 {[%emt 0:00:07]} Qd7 {[%emt 0:00:09]} 38. Qc1 {[%emt 0:00:51]} Qd6 {[%emt 0:01:31]} 39. Be3 {[%emt 0:00:19]} Rd8 {[%emt 0:00:54]} 40. Rc2 {[%emt 0:00:43]} Ba3 {[%emt 0:01:28]} 41. Qd2 {[%emt 0:01:46]} Qb4 {[%emt 0:00:45]} 42. Qxb4 {[%emt 0:00:02]} axb4 {[%emt 0:00:08]} 43. Nd2 {[%emt 0:00:02]} Rd3 {[%emt 0:01:35]} 44. Kf1 {[%emt 0:00:23]} Nd4 {[%emt 0:01:44]} 45. Bxd4 {[%emt 0:01:20]} Rxd4 {[%emt 0:00:05]} 46. Ke2 {[%emt 0:00:17]} b3 {[%emt 0:00:10]} 47. Rc4 {[%emt 0:00:09]} Rxc4 {[%emt 0:03:44]} 48. Nxc4 {[%emt 0:00:01]} Bc5 {[%emt 0:00:09]} 49. f3 {[%emt 0:00:08]} Kf8 {[%emt 0:00:30]} 50. Kd3 {[%emt 0:00:05]} 1-0

[Event "26th Abu Dhabi Master 2019"]
[Site "Abu Dhabi"]
[Date "2019.08.07"]
[Round "6.13"]
[White "Antipov, Mikhail Al."]
[Black "Praggnanandhaa R"]
[Result "1-0"]
[WhiteElo "2582"]
[BlackElo "2540"]
[Annotator "ChessBase"]
[PlyCount "95"]
[EventDate "2019.08.02"]
[EventType "swiss"]
[EventCountry "UAE"]
[SourceTitle "playchess.com"]
[Source "ChessBase"]
[SourceQuality "1"]
[TimeControl "5400+30"]

1. e4 {[%emt 0:00:00]} c5 {[%emt 0:00:04]} 2. Nf3 {[%emt 0:00:00]} Nc6 {[%emt 0:00:06]} 3. Bb5 {[%emt 0:00:00]} g6 {[%emt 0:00:05]} 4. Bxc6 {[%emt 0:00:00]} bxc6 {[%emt 0:00:05]} 5. O-O {[%emt 0:00:01]} Bg7 {[%emt 0:00:04]} 6. Re1 {[%emt 0:00:16]} Nh6 {[%emt 0:00:28]} 7. c3 {[%emt 0:00:22]} O-O {[%emt 0:00:15]} 8. h3 {[%emt 0:00:06]} f5 {[%emt 0:00:20]} 9. e5 {[%emt 0:00:07]} Nf7 {[%emt 0:00:04]} 10. d4 {[%emt 0:00:11]} cxd4 {[%emt 0:00:06]} 11. cxd4 {[%emt 0:00:07]} Bb7 {[%emt 0:00:14]} 12. Na3 {[%emt 0:00:25]} c5 {[%emt 0:00:21]} 13. dxc5 {[%emt 0:00:07]} Rc8 {[%emt 0:00:05]} 14. Be3 {[%emt 0:00:08]} Bxf3 {[%emt 0:00:08]} 15. Qxf3 {[%emt 0:00:07]} Nxe5 {[%emt 0:00:05]} 16. Qd1 {[%emt 0:00:09]} d5 {[%emt 0:06:56]} 17. cxd6 {[%emt 0:04:27]} Qxd6 {[%emt 0:07:55]} 18. Qb3+ {[%emt 0:21:52]} Kh8 {[%emt 0:04:57]} 19. Bxa7 {[%emt 0:02:24]} Qa6 {[%emt 0:13:33]} 20. Bd4 {[%emt 0:19:22]} Nf3+ {[%emt 0:03:05]} 21. Qxf3 {[%emt 0:00:10]} Bxd4 {[%emt 0:00:07]} 22. Qe2 {[%emt 0:00:21]} Qxe2 {[%emt 0:21:25]} 23. Rxe2 {[%emt 0:00:06]} Rb8 {[%emt 0:00:49]} 24. Rb1 {[%emt 0:01:47]} Rfc8 {[%emt 0:04:30]} 25. Rc2 {[%emt 0:06:28]} e5 {[%emt 0:03:23]} 26. b4 {[%emt 0:06:05]} f4 {[%emt 0:04:00]} 27. b5 {[%emt 0:06:29]} Rxc2 {[%emt 0:05:59]} 28. Nxc2 {[%emt 0:00:01]} Bb6 {[%emt 0:00:10]} 29. Kf1 {[%emt 0:06:18]} e4 {[%emt 0:10:14]} 30. Ke2 {[%emt 0:05:47]} Rd8 {[%emt 0:00:38]} 31. Rb4 {[%emt 0:02:28]} Rc8 {[%emt 0:01:03]} 32. Ne1 {[%emt 0:04:27]} Re8 {[%emt 0:07:36]} 33. Rc4 {[%emt 0:04:04]} f3+ {[%emt 0:02:54]} 34. gxf3 {[%emt 0:01:56]} exf3+ {[%emt 0:00:01]} 35. Kf1 {[%emt 0:00:12]} Re2 {[%emt 0:00:18]} 36. Rc2 {[%emt 0:00:04]} Re4 {[%emt 0:00:04]} 37. a3 {[%emt 0:00:27]} Ra4 {[%emt 0:02:41]} 38. Rc3 {[%emt 0:00:48]} Ra5 {[%emt 0:00:07]} 39. Rb3 {[%emt 0:00:11]} Kg7 {[%emt 0:00:03]} 40. Nxf3 {[%emt 0:00:26]} Kf6 {[%emt 0:00:02]} 41. Nd2 {[%emt 0:00:39]} Ra4 {[%emt 0:00:07]} 42. Rc3 {[%emt 0:01:14]} Ke7 {[%emt 0:01:44]} 43. Rc6 {[%emt 0:01:02]} Bd8 {[%emt 0:00:19]} 44. Nc4 {[%emt 0:00:42]} Kd7 {[%emt 0:00:31]} 45. Ke2 {[%emt 0:00:22]} Ra8 {[%emt 0:00:18]} 46. Ne5+ {[%emt 0:00:47]} Ke7 {[%emt 0:00:14]} 47. Ra6 {[%emt 0:00:13]} Rc8 {[%emt 0:00:04]} 48. Nc6+ {[%emt 0:00:07]} 1-0

[Event "26th Abu Dhabi Master 2019"]
[Site "Abu Dhabi"]
[Date "2019.08.07"]
[Round "6.14"]
[White "Petrov, Nikita"]
[Black "Istratescu, Andrei"]
[Result "1/2-1/2"]
[WhiteElo "2600"]
[BlackElo "2555"]
[Annotator "ChessBase"]
[PlyCount "76"]
[EventDate "2019.08.02"]
[EventType "swiss"]
[EventCountry "UAE"]
[SourceTitle "playchess.com"]
[Source "ChessBase"]
[SourceQuality "1"]
[TimeControl "5400+30"]

1. c4 {[%emt 0:00:00]} c5 {[%emt 0:02:23]} 2. Nc3 {[%emt 0:00:16]} Nc6 {[%emt 0:00:25]} 3. Nf3 {[%emt 0:00:10]} e5 {[%emt 0:00:05]} 4. e3 {[%emt 0:02:21]} f5 {[%emt 0:04:55]} 5. d4 {[%emt 0:02:16]} e4 {[%emt 0:00:54]} 6. d5 {[%emt 0:00:15]} exf3 {[%emt 0:00:04]} 7. dxc6 {[%emt 0:00:07]} dxc6 {[%emt 0:00:03]} 8. Qxd8+ {[%emt 0:01:30]} Kxd8 {[%emt 0:00:17]} 9. gxf3 {[%emt 0:00:08]} Nf6 {[%emt 0:02:44]} 10. b3 {[%emt 0:01:09]} g6 {[%emt 0:03:19]} 11. Bb2 {[%emt 0:03:39]} Bg7 {[%emt 0:01:39]} 12. O-O-O+ {[%emt 0:04:05]} Ke7 {[%emt 0:01:19]} 13. h4 {[%emt 0:03:32]} Be6 {[%emt 0:07:44]} 14. Be2 {[%emt 0:02:12]} Rad8 {[%emt 0:05:04]} 15. Rdg1 {[%emt 0:07:13]} Bf7 {[%emt 0:09:26]} 16. f4 {[%emt 0:05:47]} h5 {[%emt 0:09:25]} 17. Na4 {[%emt 0:14:56]} b6 {[%emt 0:00:14]} 18. Be5 {[%emt 0:07:23]} Rhg8 {[%emt 0:04:15]} 19. f3 {[%emt 0:02:03]} Nd7 {[%emt 0:06:15]} 20. Bxg7 {[%emt 0:00:50]} Rxg7 {[%emt 0:00:05]} 21. Rd1 {[%emt 0:04:48]} Rgg8 {[%emt 0:00:34]} 22. Rhe1 {[%emt 0:00:16]} Nf6 {[%emt 0:02:52]} 23. Nb2 {[%emt 0:00:48]} Rxd1+ {[%emt 0:00:26]} 24. Rxd1 {[%emt 0:00:33]} Rd8 {[%emt 0:01:32]} 25. Nd3 {[%emt 0:01:44]} Nd7 {[%emt 0:00:14]} 26. Ne5 {[%emt 0:11:27]} Nxe5 {[%emt 0:00:20]} 27. fxe5 {[%emt 0:00:28]} Rxd1+ {[%emt 0:00:44]} 28. Kxd1 {[%emt 0:00:06]} Ke6 {[%emt 0:00:36]} 29. f4 {[%emt 0:00:06]} Kd7 {[%emt 0:02:53]} 30. Kd2 {[%emt 0:00:19]} Be6 {[%emt 0:01:22]} 31. Bd3 {[%emt 0:01:41]} Kc7 {[%emt 0:01:33]} 32. Kc3 {[%emt 0:01:56]} a5 {[%emt 0:00:31]} 33. e4 {[%emt 0:02:34]} fxe4 {[%emt 0:07:15]} 34. Bxe4 {[%emt 0:00:04]} Bf5 {[%emt 0:00:02]} 35. Kd3 {[%emt 0:01:11]} Kd7 {[%emt 0:00:40]} 36. Ke3 {[%emt 0:00:20]} Kc7 {[%emt 0:00:09]} 37. Bxf5 {[%emt 0:00:05]} gxf5 {[%emt 0:00:06]} 38. Kd3 {[%emt 0:00:02]} Kd7 {[%emt 0:00:44]} 1/2-1/2

[Event "26th Abu Dhabi Master 2019"]
[Site "Abu Dhabi"]
[Date "2019.08.07"]
[Round "6.15"]
[White "Rathanvel, V S"]
[Black "Abdusattorov, Nodirbek"]
[Result "1/2-1/2"]
[WhiteElo "2367"]
[BlackElo "2598"]
[Annotator "ChessBase"]
[PlyCount "94"]
[EventDate "2019.08.02"]
[EventType "swiss"]
[EventCountry "UAE"]
[SourceTitle "playchess.com"]
[Source "ChessBase"]
[SourceQuality "1"]
[TimeControl "5400+30"]

1. e4 {[%emt 0:00:00]} c5 {[%emt 0:00:00]} 2. Nf3 {[%emt 0:00:00]} d6 {[%emt 0:00:05]} 3. d4 {[%emt 0:00:00]} cxd4 {[%emt 0:00:05]} 4. Nxd4 {[%emt 0:00:00]} Nf6 {[%emt 0:00:06]} 5. Nc3 {[%emt 0:00:06]} a6 {[%emt 0:00:04]} 6. h3 {[%emt 0:00:09]} e6 {[%emt 0:00:48]} 7. g4 {[%emt 0:00:07]} Nfd7 {[%emt 0:00:52]} 8. Bg2 {[%emt 0:00:11]} Nc6 {[%emt 0:00:25]} 9. Be3 {[%emt 0:00:56]} Be7 {[%emt 0:02:36]} 10. Nce2 {[%emt 0:07:51]} Nde5 {[%emt 0:04:16]} 11. O-O {[%emt 0:02:22]} O-O {[%emt 0:02:29]} 12. b3 {[%emt 0:02:21]} Nxd4 {[%emt 0:03:09]} 13. Nxd4 {[%emt 0:05:50]} Ng6 {[%emt 0:05:22]} 14. Qd2 {[%emt 0:01:38]} Qc7 {[%emt 0:03:40]} 15. c4 {[%emt 0:03:57]} b6 {[%emt 0:07:31]} 16. a4 {[%emt 0:01:21]} Bb7 {[%emt 0:00:39]} 17. a5 {[%emt 0:00:38]} bxa5 {[%emt 0:00:22]} 18. Qxa5 {[%emt 0:01:00]} Qd7 {[%emt 0:02:54]} 19. Qa4 {[%emt 0:05:27]} Qc8 {[%emt 0:02:11]} 20. Rac1 {[%emt 0:21:56]} Nh4 {[%emt 0:00:56]} 21. Bh1 {[%emt 0:00:50]} e5 {[%emt 0:04:10]} 22. Nf5 {[%emt 0:06:35]} Nxf5 {[%emt 0:00:05]} 23. gxf5 {[%emt 0:01:00]} Bc6 {[%emt 0:00:37]} 24. Qa5 {[%emt 0:06:29]} Qb7 {[%emt 0:02:13]} 25. c5 {[%emt 0:00:41]} dxc5 {[%emt 0:05:11]} 26. Bxc5 {[%emt 0:00:13]} Rfc8 {[%emt 0:00:31]} 27. Bxe7 {[%emt 0:11:30]} Qxe7 {[%emt 0:00:06]} 28. Qd2 {[%emt 0:03:32]} g6 {[%emt 0:02:38]} 29. Rc3 {[%emt 0:02:18]} Bb5 {[%emt 0:01:11]} 30. Rfc1 {[%emt 0:04:14]} Rxc3 {[%emt 0:00:22]} 31. Rxc3 {[%emt 0:03:45]} Rd8 {[%emt 0:00:30]} 32. Qh6 {[%emt 0:00:50]} Qd6 {[%emt 0:02:29]} 33. Bg2 {[%emt 0:02:00]} Qd1+ {[%emt 0:12:51]} 34. Kh2 {[%emt 0:00:02]} Qd2 {[%emt 0:00:23]} 35. Qh4 {[%emt 0:02:34]} Rd6 {[%emt 0:14:51]} 36. Rg3 {[%emt 0:02:49]} Qf4 {[%emt 0:01:51]} 37. Qxf4 {[%emt 0:01:11]} exf4 {[%emt 0:00:04]} 38. Rg4 {[%emt 0:00:14]} Be2 {[%emt 0:00:33]} 39. Rxf4 {[%emt 0:00:05]} f6 {[%emt 0:07:14]} 40. fxg6 {[%emt 0:00:49]} hxg6 {[%emt 0:00:01]} 41. e5 {[%emt 0:02:06]} fxe5 42. Re4 {[%emt 0:00:03]} Bd1 {[%emt 0:00:17]} 43. b4 {[%emt 0:00:20]} Rd2 {[%emt 0:04:23]} 44. Kg3 {[%emt 0:01:20]} Rd3+ {[%emt 0:02:10]} 45. Kh2 {[%emt 0:00:17]} Rd2 {[%emt 0:00:07]} 46. Kg3 {[%emt 0:00:36]} Rd3+ {[%emt 0:00:06]} 47. Re3 {[%emt 0:00:41]} Rd4 {[%emt 0:00:30]} 1/2-1/2

[Event "26th Abu Dhabi Master 2019"]
[Site "Abu Dhabi"]
[Date "2019.08.07"]
[Round "6.16"]
[White "Can, Emre"]
[Black "Sindarov, Javokhir"]
[Result "1-0"]
[WhiteElo "2595"]
[BlackElo "2479"]
[Annotator "ChessBase"]
[PlyCount "123"]
[EventDate "2019.08.02"]
[EventType "swiss"]
[EventCountry "UAE"]
[SourceTitle "playchess.com"]
[Source "ChessBase"]
[SourceQuality "1"]
[TimeControl "5400+30"]

1. d4 Nf6 2. c4 g6 3. Nc3 d5 4. cxd5 Nxd5 5. e4 Nxc3 6. bxc3 Bg7 7. Qa4+ Qd7 8. Bb5 c6 9. Be2 O-O 10. Qa3 b6 11. Nf3 c5 12. O-O Bb7 13. d5 e6 14. Be3 exd5 15. Rad1 Nc6 16. exd5 Ne7 17. c4 Nf5 18. Bc1 Rfe8 19. Rfe1 Nd6 20. Bf1 a6 21. Bb2 Bxb2 22. Qxb2 b5 23. Ne5 Qf5 24. cxb5 axb5 25. h3 Rxa2 26. Qxa2 Rxe5 27. Qa5 Rxe1 28. Qxe1 Qf6 29. Bxb5 c4 30. Bc6 Bc8 31. Rc1 Bf5 32. Qe3 Bd3 33. Re1 Kg7 34. g4 h6 35. f3 Qb2 36. Qe5+ Qxe5 37. Rxe5 Kf6 38. Re3 Kg5 39. Kf2 Kf4 40. Ba4 h5 41. Bd1 h4 42. Be2 Bb1 43. Re7 Ba2 44. Rd7 Ke5 45. f4+ Kxd5 46. Ke3 Bb3 47. Bf3+ Ke6 48. Rc7 Bc2 49. Rc5 Kd7 50. Kd4 Bd3 51. Re5 f5 52. Kc5 Be4 53. Bxe4 Nxe4+ 54. Rxe4 fxe4 55. Kxc4 e3 56. Kd3 e2 57. Kxe2 Ke6 58. Ke3 Kd5 59. Kd3 Kd6 60. Kd4 Ke6 61. Kc5 g5 62. f5+ {Kd5+} 1-0

[Event "26th Abu Dhabi Master 2019"]
[Site "Abu Dhabi"]
[Date "2019.08.07"]
[Round "6.17"]
[White "Vaibhav, Suri"]
[Black "Xu, Yi"]
[Result "1-0"]
[WhiteElo "2591"]
[BlackElo "2524"]
[Annotator "ChessBase"]
[PlyCount "69"]
[EventDate "2019.08.02"]
[EventType "swiss"]
[EventCountry "UAE"]
[SourceTitle "playchess.com"]
[Source "ChessBase"]
[SourceQuality "1"]
[TimeControl "5400+30"]

1. e4 {[%emt 0:00:00]} e5 {[%emt 0:00:13]} 2. Nf3 {[%emt 0:00:06]} Nf6 {[%emt 0:00:04]} 3. Nxe5 {[%emt 0:01:42]} d6 {[%emt 0:00:07]} 4. Nf3 {[%emt 0:00:28]} Nxe4 {[%emt 0:00:06]} 5. Nc3 {[%emt 0:00:08]} Nxc3 {[%emt 0:00:05]} 6. dxc3 {[%emt 0:00:04]} Be7 {[%emt 0:00:06]} 7. Be3 {[%emt 0:00:08]} O-O {[%emt 0:00:12]} 8. Qd2 {[%emt 0:00:06]} Nd7 {[%emt 0:00:06]} 9. O-O-O {[%emt 0:00:11]} Nf6 {[%emt 0:00:15]} 10. Bd3 {[%emt 0:00:12]} c5 {[%emt 0:00:24]} 11. h4 {[%emt 0:00:15]} Be6 {[%emt 0:02:36]} 12. h5 {[%emt 0:00:10]} Qa5 {[%emt 0:04:01]} 13. a3 {[%emt 0:00:16]} c4 {[%emt 0:01:04]} 14. Be2 {[%emt 0:00:25]} Ne4 {[%emt 0:05:51]} 15. Qd4 {[%emt 0:01:41]} d5 {[%emt 0:08:59]} 16. h6 {[%emt 0:00:33]} Bf6 {[%emt 0:07:38]} 17. hxg7 {[%emt 0:03:47]} Bxd4 {[%emt 0:47:41]} 18. gxf8=Q+ {[%emt 0:00:09]} Rxf8 {[%emt 0:00:09]} 19. Nxd4 {[%emt 0:00:26]} Nxc3 {[%emt 0:01:58]} 20. bxc3 {[%emt 0:09:20]} Qxc3 {[%emt 0:00:05]} 21. Rh5 {[%emt 0:13:28]} Qxa3+ {[%emt 0:00:39]} 22. Kd2 {[%emt 0:00:07]} Qb4+ {[%emt 0:00:41]} 23. c3 {[%emt 0:00:52]} Qb2+ {[%emt 0:00:05]} 24. Ke1 {[%emt 0:14:18]} Re8 {[%emt 0:00:26]} 25. Kf1 {[%emt 0:07:20]} a5 {[%emt 0:02:47]} 26. Bc1 {[%emt 0:16:09]} Qxc3 {[%emt 0:03:33]} 27. Rg5+ {[%emt 0:00:11]} Kh8 {[%emt 0:01:26]} 28. Rg3 {[%emt 0:02:41]} Qb4 {[%emt 0:00:29]} 29. Bg5 {[%emt 0:00:13]} h5 {[%emt 0:01:10]} 30. Bf6+ {[%emt 0:00:23]} Kh7 {[%emt 0:00:03]} 31. Rg7+ {[%emt 0:00:20]} Kh6 {[%emt 0:01:32]} 32. g4 {[%emt 0:00:13]} hxg4 {[%emt 0:00:54]} 33. Kg2 {[%emt 0:00:40]} Qa3 {[%emt 0:00:24]} 34. Bxg4 {[%emt 0:02:53]} Bxg4 {[%emt 0:00:51]} 35. Rxg4 {[%emt 0:00:31]} 1-0

[Event "26th Abu Dhabi Master 2019"]
[Site "Abu Dhabi"]
[Date "2019.08.07"]
[Round "6.18"]
[White "Muradli, Mahammad"]
[Black "Kryvoruchko, Yuriy"]
[Result "0-1"]
[WhiteElo "2454"]
[BlackElo "2691"]
[Annotator "TA"]
[PlyCount "72"]
[EventDate "2019.08.02"]
[EventType "swiss"]
[EventCountry "UAE"]
[SourceTitle "playchess.com"]
[Source "ChessBase"]
[SourceQuality "1"]

{[%evp 12,72,16,19,23,19,11,16,21,20,23,16,36,13,15,8,15,0,8,0,0,0,0,-20,-10,-32,-32,-121,-116,-126,-115,-167,-159,-170,-171,-171,-162,-160,-174,-175,-165,-172,-163,-174,-164,-172,-170,-172,-187,-175,-156,-241,-246,-235,-234,-272,-228,-611,-604,-29992,-29993,-29993,-29994]} 1. Nf3 d5 2. d4 Nf6 3. c4 e6 4. Nc3 Be7 5. Bf4 O-O 6. e3 b6 7. Bd3 dxc4 {D37: Queen's Gambit Declined: 5 Bf4} 8. Bxc4 Nd5 (8... Ba6 9. Bxa6 Nxa6 10. Qa4 Qc8 11. O-O c5 12. Rac1 Qb7 13. a3 Rfc8 14. Nb5 Nb8 15. dxc5 bxc5 {½-½ (35) Shankland,S (2725)-Anand,V (2773) Wijk aan Zee 2019}) 9. O-O Nxc3 $146 {The position is equal.} ({Predecessor:} 9... Nxf4 10. exf4 Nc6 11. Qd2 Bb7 12. Rad1 Bb4 13. Qd3 Na5 14. Ng5 g6 15. Qh3 {½-½ (33) Makarov,M (2512)-Klovans,J (2417) Cappelle-la-Grande 2003}) 10. bxc3 Bb7 11. Bd3 c5 12. Qc2 g6 13. Bh6 Re8 14. Ne5 Nc6 15. Bb5 Qc7 16. Bf4 Bd6 17. Bg3 Rec8 {[%cal Rc6e5]} 18. Ng4 Kg7 19. Qb2 (19. c4 $15 h5 20. d5 (20. Bxd6 Qxd6 21. dxc5 Qxc5 $17) 20... hxg4 21. Bxd6 Qxd6 22. dxc6 Bxc6 23. Qc3+ e5 24. Bxc6 Rxc6 25. Rad1) 19... h5 $17 20. Bxd6 Qxd6 21. dxc5 (21. Bxc6 $17 Qxc6 22. d5 exd5 23. Ne5) 21... Qxc5 $19 22. c4+ e5 23. Bxc6 Qxc6 {[%csl Gb7][%cal Rc6g2]} ({And not} 23... Bxc6 24. Nxe5 f6 25. Nxc6 $14) 24. Qxe5+ {[#]} Kf8 $1 {[%csl Gb7][%cal Rc6g2][%mdl 512]} 25. Qh8+ {[#]} Ke7 $1 {[%csl Gb7][%cal Rc6g2][%mdl 512]} 26. Qe5+ {[#]} Qe6 $1 27. Qg5+ f6 28. Qxg6 {Black must now prevent Rad1.} hxg4 $40 {[%mdl 128] Black wants a kill.} 29. Rad1 Bc6 30. Rd4 Rh8 {...Rag8 is the strong threat.} 31. Rfd1 (31. Qxg4 $17 {is a better defense.} Qxg4 32. Rxg4) 31... Rag8 32. Qd3 {intending Qa3+.} Kf7 {Threatens to win with ...Qe5.} 33. Qa3 Kg6 34. Qxa7 $2 {[#]} (34. c5) 34... g3 $1 {[%mdl 576] Deflection} 35. fxg3 Qxe3+ 36. Kf1 Rxh2 {Accuracy: White = 33%, Black = 93%.} 0-1

[Event "26th Abu Dhabi Master 2019"]
[Site "Abu Dhabi"]
[Date "2019.08.07"]
[Round "6.19"]
[White "Krishna C R G"]
[Black "Akopian, Vladimir"]
[Result "1-0"]
[WhiteElo "2463"]
[BlackElo "2650"]
[Annotator "TA"]
[PlyCount "76"]
[EventDate "2019.08.02"]
[EventType "swiss"]
[EventCountry "UAE"]
[SourceTitle "playchess.com"]
[Source "ChessBase"]
[SourceQuality "1"]

{[%evp 18,76,56,35,62,56,58,50,77,49,64,33,86,47,56,52,65,52,54,51,62,57,71,56,62,74,79,59,56,47,32,54,66,50,71,56,63,73,151,120,112,102,138,137,269,288,354,346,339,355,451,483,488,465,459,428,383,268,259,204,216]} 1. d4 Nf6 2. c4 c5 3. d5 e6 4. Nc3 exd5 5. cxd5 d6 6. e4 g6 7. h3 Bg7 8. Nf3 O-O 9. Bd3 a6 10. a4 Nh5 {A70: Modern Benoni: 6 e4 g6 7 Nf3} 11. Bg5 Bf6 12. Bh6 Re8 {White is slightly better.} 13. O-O Nd7 14. Re1 Rb8 (14... Ne5 $14) 15. Qd2 Ne5 {next ...Nxf3+ is good for Black.} 16. Be2 Nxf3+ 17. Bxf3 Ng7 18. Rab1 {[#]} b5 $146 ({Predecessor:} 18... Qc7 19. Rec1 {½-½ (36) Lou,Y (2453)-Zeng,C (2541) China 2015}) 19. axb5 axb5 {[#]} 20. b4 $1 c4 21. Ra1 Be5 22. Ra3 f5 23. Bf4 Bxf4 24. Qxf4 g5 25. Qd2 g4 26. hxg4 fxg4 27. Bd1 g3 (27... Qf6 $142) 28. Ra7 Re7 29. Rxe7 Qxe7 30. fxg3 Bd7 {[#]} (30... Qe5 $16 {is a better defense.}) 31. e5 $1 $18 {[%mdl 512]} dxe5 32. d6 Qe6 33. Ne4 {Nc5 is the strong threat.} Bc6 34. Nc5 c3 35. Qd3 (35. Nxe6 $2 cxd2 36. Rxe5 Re8 $17) 35... Qg6 36. Bb3+ Kh8 37. Qxc3 Qxd6 38. Rxe5 ({Less strong is} 38. Qxe5 Qxe5 39. Rxe5 Re8 $16) 38... Qf6 {Accuracy: White = 58%, Black = 41%.} 1-0

[Event "26th Abu Dhabi Master 2019"]
[Site "Abu Dhabi"]
[Date "2019.08.07"]
[Round "6.20"]
[White "Ter-Sahakyan, Samvel"]
[Black "Aditya Mittal"]
[Result "1-0"]
[WhiteElo "2625"]
[BlackElo "2429"]
[Annotator "TA"]
[PlyCount "113"]
[EventDate "2019.08.02"]
[EventType "swiss"]
[EventCountry "UAE"]
[SourceTitle "playchess.com"]
[Source "ChessBase"]
[SourceQuality "1"]

{[%evp 23,112,36,46,0,0,0,0,0,19,0,11,6,0,4,5,11,7,0,25,0,0,-17,-17,-47,-43,-42,-31,-31,0,0,0,0,36,23,21,0,27,0,143,111,116,129,150,122,161,144,183,130,225,145,368,351,387,333,296,278,395,265,363,216,159,150,177,179,566,568,519,518,991,1000,1712,1904,6133,5732,29980,29981,29981,29982,29982,29983,29983,29984,29986,29987,29987,29988,29991,29992,29992,29993,29994]} 1. e4 c5 2. Nf3 d6 3. d4 cxd4 4. Nxd4 Nf6 5. Nc3 a6 6. Be3 $146 ({Predecessor:} 6. f3 e5 7. Nb3 Be6 8. Be3 {½-½ (28) Dominguez Perez,L (2734)-Vachier Lagrave,M (2754) Khanty-Mansiysk 2015}) 6... e5 7. Nb3 Be7 8. f3 Be6 9. Qd2 O-O 10. O-O-O Nbd7 11. g4 b5 12. g5 b4 13. Na4 {B90: Sicilian Najdorf: Unusual White 6th moves, 6 Be3 Ng4 and 6 Be3 e5} (13. Ne2 $5 {[%cal Rg5f6]} Ne8 14. Kb1 $11 (14. Qxb4 a5 $11)) 13... Nh5 14. Qxb4 d5 15. Qa5 {The position is equal.} Bxg5 16. Bxg5 Qxg5+ 17. Kb1 dxe4 {[#]} 18. Nd4 $1 {[%mdl 512]} Qf6 (18... exd4 19. Qxg5) 19. Nxe6 Qxe6 20. fxe4 Ndf6 21. Bd3 Nf4 22. Qb6 Qe7 23. Qc5 Qxc5 24. Nxc5 Rfc8 25. Nb7 Rab8 26. Bxa6 Nxe4 {Hoping for ...Nf2.} 27. Rhe1 $1 $36 {[%cal Re1e4][%mdl 2048] Black is under pressure.} Nc5 (27... f5 {with more complications.} 28. Nd6 Nc3+ 29. Ka1 Rc6 30. Bb7 Rxb7 31. bxc3 Ra7) 28. Nxc5 Rxc5 29. c4 (29. Rd7 {looks sharper.} f5 30. b3 e4 31. Kc1 g6 32. Red1) 29... Ne6 (29... f5 {seems wilder.} 30. Bb5 e4 31. b4 Re5 32. a4 e3) 30. Rd5 (30. Bb5 {is interesting.} Nd4 31. a4 f6 32. b4 Rc7 33. Kb2) 30... f6 {[#]} (30... e4 $11 {remains equal.}) 31. Rxc5 $1 $16 Nxc5 {[%mdl 4096] Endgame KRB-KRN} 32. Bb5 Kf7 33. Kc2 Ne6 34. a4 g5 35. Kc3 (35. b4 $18) 35... Nd4 (35... Ra8 $16) 36. b4 g4 $2 (36... Ra8 $16) 37. c5 $18 h5 38. Bc4+ Ke7 39. Bd5 h4 (39... Rd8 $142) 40. a5 Rd8 41. Bg2 (41. Bb7 $142) 41... Nb5+ 42. Kc4 Na3+ 43. Kb3 Rd3+ $2 (43... Nb5 {is a better chance.}) 44. Ka4 Nc2 45. Rc1 Nd4 (45... Ra3+ $142 46. Kb5 Ne3) 46. a6 Rd2 47. Bd5 Ne6 48. Bxe6 Kxe6 {KR-KR} 49. c6 {White mates.} Rd8 50. c7 Rc8 51. b5 {[%cal Bb4b5,Bb5b6,Bb6b7][%mdl 32]} g3 52. hxg3 hxg3 53. b6 g2 54. Rg1 Rg8 55. b7 Rg4+ 56. Kb5 Kd5 {Accuracy: White = 67%, Black = 39%.} 57. c8=Q 1-0